| 000 | 01449cad a22002295a 4500 | ||
|---|---|---|---|
| 001 | L142973 | ||
| 008 | 080327e20080314xxko f 000 0 eng d | ||
| 035 | _a(Sirsi) u142973 | ||
| 041 | 0 | _aeng | |
| 050 | 0 | 4 | _a711.26 $2 18 |
| 110 | 2 |
_aNational Trust _91987 |
|
| 245 | 0 | 0 |
_aNature's capital _binvesting in the nation's natural assets _h[electronic resource] |
| 260 |
_aLondon _bNational Trust _c2008 |
||
| 520 | _aHighlights the importance of land management when addressing climate change and flooding. Argues that further investment is needed in order to gain these major benefits from land. Investment by the water industry is capable of improving water quality at source, reducing the need for expensive water treatment. More of the government's flood budget should be spent on making room for water rather than simply providing flood defences. Financial incentives are recommended to provide investment in land based carbon and reduce losses from soil. More investment in outdoor exercise is also recommended. | ||
| 521 | 2 | _aAdvanced | |
| 590 | _aKA | ||
| 651 | 4 |
_aUnited Kingdom _y |
|
| 690 | _aPROPERTY-RURAL AND NATURAL ASSETS-RURAL AND NATURAL ASSET MANAGEMENT-LAND MANAGEMENT | ||
| 690 | _aENVIRONMENTAL AND LAND CONSULTANCY-WATER RESOURCE MANAGEMENT-FLOODING | ||
| 856 | 4 | 0 |
_uhttps://www.nationaltrust.org.uk/main/w-global/w-news/w-news-nature_s_capital.htm _zView the item free of charge at www.nationaltrust.org.uk... |
| 942 | _n0 | ||
| 999 |
_c108033 _d108033 |
||